000 00564nam a2200169 4500
001 5007
005 20181127174603.0
090 0 0 _a333.95095498 W973r 2012
110 _aWWF.
_b
_c
_d
_e
_n
_p
245 0 0 _aA rapid assessment of infrastructure development in Jigme Singye Wangchuck National Park /
_b
_cWWF.
_h
260 0 0 _a[Thimphu]:
_bWWF,
_c2012.
300 0 0 _a30 p. : col.ill.
650 _aNational parks and reserves --Bhutan.
_v
_x
_y
_z
_2
650 0 0 _aNature conservation.
_x
650 0 0 _aProtected areas --Bhutan --Management.
_x
999 _c4178
_d4178